<?xml version="1.0" encoding="UTF-8"?>
<record
    xmlns:xsi="http://www.w3.org/2001/XMLSchema-instance"
    xsi:schemaLocation="http://www.loc.gov/MARC21/slim http://www.loc.gov/standards/marcxml/schema/MARC21slim.xsd"
    xmlns="http://www.loc.gov/MARC21/slim">

  <leader>00652nam a22001937a 4500</leader>
  <controlfield tag="007">00</controlfield>
  <controlfield tag="008">170512b        xxu||||| |||| 00| 0 eng d</controlfield>
  <datafield tag="020" ind1=" " ind2=" ">
    <subfield code="a">2-1-005731-6</subfield>
  </datafield>
  <datafield tag="040" ind1=" " ind2=" ">
    <subfield code="a">BUAC</subfield>
    <subfield code="c">BUC</subfield>
  </datafield>
  <datafield tag="041" ind1=" " ind2=" ">
    <subfield code="a">Fre. </subfield>
  </datafield>
  <datafield tag="100" ind1=" " ind2=" ">
    <subfield code="a">GROUT, Michel </subfield>
  </datafield>
  <datafield tag="245" ind1=" " ind2=" ">
    <subfield code="a">Instrumentation industrielle : </subfield>
    <subfield code="b">Sp&#xE9;cification et installation des capteurs et vannes de r&#xE9;gulation </subfield>
    <subfield code="c">/ par Michel Grout, Patrick Sala&#xFC;n </subfield>
  </datafield>
  <datafield tag="260" ind1=" " ind2=" ">
    <subfield code="a">Paris : </subfield>
    <subfield code="b">Dunod, </subfield>
    <subfield code="c">2002</subfield>
  </datafield>
  <datafield tag="300" ind1=" " ind2=" ">
    <subfield code="a">XVII-526 p. </subfield>
    <subfield code="c">25 cm. </subfield>
    <subfield code="b">couv. en coul. ;</subfield>
  </datafield>
  <datafield tag="440" ind1=" " ind2=" ">
    <subfield code="a">(Collection  EEA : s&#xE9;rie automatisme)</subfield>
  </datafield>
  <datafield tag="630" ind1=" " ind2=" ">
    <subfield code="a">SCIENCES APPLIQUEES ET TECHNIQUES</subfield>
  </datafield>
  <datafield tag="650" ind1=" " ind2=" ">
    <subfield code="a">Instrumentation</subfield>
    <subfield code="9">15609</subfield>
  </datafield>
  <datafield tag="942" ind1=" " ind2=" ">
    <subfield code="c">LIVR</subfield>
  </datafield>
  <datafield tag="999" ind1=" " ind2=" ">
    <subfield code="c">56856</subfield>
    <subfield code="d">56856</subfield>
  </datafield>
  <datafield tag="952" ind1=" " ind2=" ">
    <subfield code="0">0</subfield>
    <subfield code="1">0</subfield>
    <subfield code="4">0</subfield>
    <subfield code="7">0</subfield>
    <subfield code="a">BEPAC</subfield>
    <subfield code="b">BEPAC</subfield>
    <subfield code="c">R&#xE9;serve</subfield>
    <subfield code="d">2017-09-11</subfield>
    <subfield code="e">Don ABAR</subfield>
    <subfield code="f">16-1799</subfield>
    <subfield code="l">0</subfield>
    <subfield code="o">681.2 GRO</subfield>
    <subfield code="p">16/1799BUC</subfield>
    <subfield code="r">2017-09-11 00:00:00</subfield>
    <subfield code="t">01</subfield>
    <subfield code="w">2017-09-11</subfield>
    <subfield code="y">LIVR</subfield>
  </datafield>
</record>
